Avez-vous vu le film Oppenheimer ? - Statistiques

Statistiques générales
  • Ce quiz a été pris 699 fois
  • Le résultat moyen est 7 sur 10
Statistiques - réponses
Question Réponse % Correct
Qui a réalisé ce film ? Christopher Nolan
96%
Lequel de ces acteurs ne joue pas dans le film ? Leonardo Dicaprio
96%
Quelle est le nom de la ville secrète où a été créée la bombe nucléaire ? Los Alamos
90%
Alors qu'il étudiait au laboratoire de Cambridge, Robert Oppenheimer a empoisonné le fruit du physicien Patrick Blackett avant de se raviser. De quel fruit s'agissait-il ? Une pomme
88%
Quelle était le nom du projet de recherche dont l'objectif était de produire une bombe atomique ? Projet Manhattan
81%
Qui est à l'origine de l'audition de sécurité de Robert Oppenheimer qui a entraîné la révocation de son habilitation de sécurité ? Lewis Strauss
72%
Quel président des Etats-Unis a décidé de larguer les bombes atomiques sur le Japon ? Harry S. Truman
61%
Qu'a dit Albert Einstein à Robert Oppenheimer au sujet de la bombe atomique ? Que la bombe pourrait engendrer une réaction en chaîne qui pourrait détruire le monde
56%
Après ses études, Robert Oppenheimer s'est engagé au sein du parti communiste. Faux
52%
Le premier test de la bombe atomique a été effectué en 1945. Vrai
52%
Aucun quiz correspondant
Distribution des résultats
% des personnes avec chaque résultat
Percentile par nombre de réponses
Votre historique - résultats
Vous n’avez pas pris ce quiz